000 00392nam a2200169Ia 4500
100 _aNagrath/I.J/ Gopal/M
650 _aControl Systems
250 _a5
942 _cBK
366 _f15
654 _acontrol systems
245 _aControl Systems Engineering
260 _bNew Age Interational Ltd.
_aNew Delhi
_c2007
082 _a629.8312/NAG
_bNAG
546 _aENGLISH
999 _c24954
_d24954